[Event "World Team Chess Championship"]
[Site "Khanty-Mansiysk, RUS."]
[Date "2017.06.26"]
[Round "9.5"]
[White "Korobov Anton (UKR)"]
[Black "Hesham Abdelrahman (EGY)"]
[Result "1/2-1/2"]
[BlackElo "2372"]
[WhiteElo "2711"]
[LiveChessVersion "1.4.8"]

1. c4 {[%clk 1:30:55]} e6 {[%clk 1:30:55]} 2. d4 {[%clk 1:30:42]} d5
{[%clk 1:31:19]} 3. Nc3 {[%clk 1:31:02]} c6 {[%clk 1:31:44]} 4. e3
{[%clk 1:30:23]} Nd7 {[%clk 1:31:09]} 5. Nf3 {[%clk 1:30:27]} f5 {[%clk 1:31:34]}
6. Bd3 {[%clk 1:30:19]} Nh6 {[%clk 1:31:54]} 7. Qc2 {[%clk 1:29:49]} Bd6
{[%clk 1:32:17]} 8. b3 {[%clk 1:29:09]} O-O {[%clk 1:30:00]} 9. Bb2
{[%clk 1:29:32]} a6 {[%clk 1:28:27]} 10. Ne2 {[%clk 1:24:48]} Qe7
{[%clk 1:23:18]} 11. O-O {[%clk 1:22:11]} Nf7 {[%clk 1:22:03]} 12. a4
{[%clk 1:15:43]} b6 {[%clk 1:16:37]} 13. Qc1 {[%clk 1:01:57]} Bb7
{[%clk 1:15:07]} 14. cxd5 {[%clk 1:01:52]} cxd5 {[%clk 1:15:30]} 15. Ba3
{[%clk 1:01:50]} Nb8 {[%clk 1:10:27]} 16. Bxd6 {[%clk 0:54:00]} Qxd6
{[%clk 1:10:40]} 17. Qd2 {[%clk 0:53:42]} Nc6 {[%clk 1:09:34]} 18. Rfc1
{[%clk 0:52:44]} Rfc8 {[%clk 1:04:39]} 19. h4 {[%clk 0:47:00]} Kf8
{[%clk 0:50:31]} 20. Nf4 {[%clk 0:43:13]} Ke7 {[%clk 0:50:30]} 21. Rc3
{[%clk 0:42:25]} Nb4 {[%clk 0:46:24]} 22. Rac1 {[%clk 0:37:52]} g6
{[%clk 0:41:43]} 23. a5 {[%clk 0:27:22]} Rxc3 {[%clk 0:39:42]} 24. Rxc3
{[%clk 0:27:45]} Rc8 {[%clk 0:40:05]} 25. axb6 {[%clk 0:26:54]} Qxb6
{[%clk 0:39:50]} 26. Be2 {[%clk 0:25:01]} a5 {[%clk 0:38:33]} 27. Ng5
{[%clk 0:23:30]} Nxg5 {[%clk 0:36:00]} 28. hxg5 {[%clk 0:23:42]} Kd7
{[%clk 0:30:05]} 29. g4 {[%clk 0:21:13]} Qd8 {[%clk 0:26:58]} 30. Rxc8
{[%clk 0:20:50]} Qxc8 {[%clk 0:22:28]} 31. Kg2 {[%clk 0:11:54]} Kd6
{[%clk 0:13:42]} 32. Qe1 {[%clk 0:11:23]} Ba6 {[%clk 0:07:37]} 33. Bf3
{[%clk 0:06:49]} Qc2 {[%clk 0:05:40]} 34. Qa1 {[%clk 0:06:38]} Nd3
{[%clk 0:02:25]} 35. Nxd3 {[%clk 0:05:15]} Qxd3 {[%clk 0:02:50]} 36. gxf5
{[%clk 0:04:50]} Qxf5 {[%clk 0:02:04]} 37. Qxa5 {[%clk 0:04:17]} Qxg5+
{[%clk 0:02:29]} 38. Kh2 {[%clk 0:04:44]} Qh4+ {[%clk 0:02:17]} 39. Kg1
{[%clk 0:05:12]} Qg5+ {[%clk 0:01:18]} 40. Bg2 {[%clk 0:35:26]} Be2
{[%clk 0:30:36]} 41. Qb6+ {[%clk 0:29:49]} Kd7 {[%clk 0:27:16]} 42. Qb7+
{[%clk 0:30:09]} Kd8 {[%clk 0:27:22]} 43. Qxh7 {[%clk 0:27:42]} Bf3
{[%clk 0:27:37]} 44. Qh3 {[%clk 0:27:10]} Bxg2 {[%clk 0:27:47]} 45. Qxg2
{[%clk 0:27:35]} Qf5 {[%clk 0:28:13]} 46. Qg3 {[%clk 0:25:38]} Kd7
{[%clk 0:23:47]} 47. Kg2 {[%clk 0:25:45]} Kc6 {[%clk 0:19:58]} 48. Qf3
{[%clk 0:24:15]} Kb5 {[%clk 0:17:16]} 49. Kg3 {[%clk 0:21:04]} g5
{[%clk 0:15:55]} 50. Qe2+ {[%clk 0:17:05]} Kb4 {[%clk 0:16:17]} 51. Qa2
{[%clk 0:17:27]} Kc3 {[%clk 0:13:25]} 52. Qa3 {[%clk 0:16:23]} Qe4
{[%clk 0:10:08]} 53. b4+ {[%clk 0:14:47]} Kc4 {[%clk 0:09:58]} 54. Qa4
{[%clk 0:14:20]} Kc3 {[%clk 0:08:41]} 55. b5 {[%clk 0:09:53]} Qh4+
{[%clk 0:08:58]} 56. Kg2 {[%clk 0:10:19]} 1/2-1/2

[Event "World Team Chess Championship"]
[Site "Khanty-Mansiysk, RUS."]
[Date "2017.06.26"]
[Round "9.6"]
[White "Fawzy Adham (EGY)"]
[Black "Areshchenko Alexander (UKR)"]
[Result "1-0"]
[BlackElo "2649"]
[WhiteElo "2418"]
[LiveChessVersion "1.4.8"]

1. e4 {[%clk 1:30:56]} c5 {[%clk 1:30:57]} 2. Nf3 {[%clk 1:31:22]} d6
{[%clk 1:31:24]} 3. d4 {[%clk 1:31:47]} cxd4 {[%clk 1:31:51]} 4. Nxd4
{[%clk 1:32:14]} Nf6 {[%clk 1:32:16]} 5. Nc3 {[%clk 1:32:40]} a6 {[%clk 1:32:44]}
6. Be3 {[%clk 1:33:05]} e5 {[%clk 1:33:10]} 7. Nb3 {[%clk 1:33:27]} Be6
{[%clk 1:33:32]} 8. f3 {[%clk 1:33:49]} h5 {[%clk 1:33:55]} 9. Qd2
{[%clk 1:34:06]} Nbd7 {[%clk 1:34:18]} 10. Nd5 {[%clk 1:34:32]} Bxd5
{[%clk 1:34:36]} 11. exd5 {[%clk 1:35:00]} g6 {[%clk 1:34:46]} 12. Be2
{[%clk 1:35:28]} Bg7 {[%clk 1:35:03]} 13. O-O {[%clk 1:35:38]} b6
{[%clk 1:34:57]} 14. a4 {[%clk 1:33:09]} O-O {[%clk 1:34:44]} 15. c3
{[%clk 1:32:55]} Re8 {[%clk 1:31:16]} 16. h3 {[%clk 1:30:48]} Qc7
{[%clk 1:20:04]} 17. Nc1 {[%clk 1:22:47]} Qb7 {[%clk 1:07:28]} 18. Rd1
{[%clk 1:21:09]} e4 {[%clk 1:00:57]} 19. f4 {[%clk 1:19:16]} Nc5 {[%clk 1:01:19]}
20. b4 {[%clk 1:04:06]} Nd3 {[%clk 1:00:25]} 21. Nxd3 {[%clk 1:03:33]} exd3
{[%clk 1:00:45]} 22. Bf3 {[%clk 1:03:45]} Rac8 {[%clk 0:54:10]} 23. Bd4
{[%clk 0:52:20]} Ne4 {[%clk 0:44:44]} 24. Qxd3 {[%clk 0:48:36]} f5
{[%clk 0:39:59]} 25. c4 {[%clk 0:39:39]} a5 {[%clk 0:36:47]} 26. Rab1
{[%clk 0:37:52]} axb4 {[%clk 0:32:28]} 27. Rxb4 {[%clk 0:31:52]} Nc5
{[%clk 0:32:22]} 28. Bxc5 {[%clk 0:31:08]} Rxc5 {[%clk 0:32:44]} 29. Rdb1
{[%clk 0:31:15]} Qc7 {[%clk 0:30:49]} 30. Kh1 {[%clk 0:28:47]} Bh6
{[%clk 0:20:02]} 31. g3 {[%clk 0:19:32]} h4 {[%clk 0:15:42]} 32. gxh4
{[%clk 0:17:54]} Bxf4 {[%clk 0:06:13]} 33. Rg1 {[%clk 0:16:24]} Qf7
{[%clk 0:06:39]} 34. Rxb6 {[%clk 0:13:23]} Kh7 {[%clk 0:04:05]} 35. Bh5
{[%clk 0:12:02]} Rg8 {[%clk 0:04:11]} 36. Bf3 {[%clk 0:09:43]} Re8
{[%clk 0:04:25]} 37. h5 {[%clk 0:09:22]} g5 {[%clk 0:04:35]} 38. Bg4
{[%clk 0:09:04]} Kh6 {[%clk 0:02:16]} 39. Bxf5 {[%clk 0:06:41]} Re3
{[%clk 0:02:38]} 40. Qd4 {[%clk 0:36:48]} Qf8 {[%clk 0:31:20]} 41. Rb8
{[%clk 0:35:10]} Rxc4 {[%clk 0:26:17]} 42. Qxe3 {[%clk 0:31:10]} Qxf5
{[%clk 0:26:24]} 43. Qe6+ {[%clk 0:31:28]} Qxe6 {[%clk 0:26:51]} 44. dxe6
{[%clk 0:31:56]} Re4 {[%clk 0:27:05]} 45. Re8 {[%clk 0:32:21]} Re2
{[%clk 0:26:49]} 46. Rb1 {[%clk 0:32:48]} Be5 {[%clk 0:25:50]} 47. e7
{[%clk 0:31:38]} Bf6 {[%clk 0:25:22]} 48. Rf1 {[%clk 0:31:56]} Bd4
{[%clk 0:25:00]} 49. Rd1 {[%clk 0:31:25]} Bg7 {[%clk 0:25:10]} 50. Rxd6+
{[%clk 0:30:28]} Kxh5 {[%clk 0:25:37]} 51. Rd7 {[%clk 0:30:15]} Kh4
{[%clk 0:24:44]} 52. Rc8 {[%clk 0:30:14]} 1-0

[Event "World Team Chess Championship"]
[Site "Khanty-Mansiysk, RUS."]
[Date "2017.06.26"]
[Round "9.7"]
[White "Moiseenko Alexander (UKR)"]
[Black "Ameir Moheb (EGY)"]
[Result "1-0"]
[BlackElo "2399"]
[WhiteElo "2677"]
[LiveChessVersion "1.4.8"]

1. d4 {[%clk 1:30:58]} Nf6 {[%clk 1:30:54]} 2. c4 {[%clk 1:31:09]} e6
{[%clk 1:31:18]} 3. Nf3 {[%clk 1:31:33]} b6 {[%clk 1:31:30]} 4. a3
{[%clk 1:30:57]} Ba6 {[%clk 1:30:59]} 5. Qb3 {[%clk 1:30:54]} Be7
{[%clk 1:24:31]} 6. Nc3 {[%clk 1:29:31]} Bb7 {[%clk 1:23:29]} 7. d5
{[%clk 1:28:21]} c6 {[%clk 1:11:56]} 8. e4 {[%clk 1:23:50]} cxd5 {[%clk 1:10:10]}
9. cxd5 {[%clk 1:24:14]} O-O {[%clk 1:03:13]} 10. Be2 {[%clk 1:23:29]} exd5
{[%clk 1:02:12]} 11. exd5 {[%clk 1:21:52]} Na6 {[%clk 1:01:15]} 12. O-O
{[%clk 1:20:20]} Nc5 {[%clk 1:01:19]} 13. Qa2 {[%clk 1:18:22]} Nfe4
{[%clk 0:56:37]} 14. Nxe4 {[%clk 1:09:57]} Nxe4 {[%clk 0:57:04]} 15. Bd3
{[%clk 0:50:59]} Nf6 {[%clk 0:54:53]} 16. Bc4 {[%clk 0:49:54]} b5
{[%clk 0:54:37]} 17. Bb3 {[%clk 0:49:45]} Bc5 {[%clk 0:51:48]} 18. Bg5
{[%clk 0:47:28]} h6 {[%clk 0:48:33]} 19. Bh4 {[%clk 0:47:20]} g5 {[%clk 0:41:26]}
20. Bg3 {[%clk 0:46:53]} d6 {[%clk 0:41:53]} 21. Qb1 {[%clk 0:43:16]} Nh5
{[%clk 0:31:35]} 22. Qd3 {[%clk 0:41:57]} Qf6 {[%clk 0:30:39]} 23. Bc2
{[%clk 0:39:28]} Rfe8 {[%clk 0:29:42]} 24. b4 {[%clk 0:39:00]} Bb6
{[%clk 0:30:06]} 25. Qh7+ {[%clk 0:38:03]} Kf8 {[%clk 0:30:35]} 26. Bxd6+
{[%clk 0:37:56]} Qxd6 {[%clk 0:30:33]} 27. Qh8+ {[%clk 0:38:22]} Ke7
{[%clk 0:30:47]} 28. Rfe1+ {[%clk 0:37:29]} 1-0

[Event "World Team Chess Championship"]
[Site "Khanty-Mansiysk, RUS."]
[Date "2017.06.26"]
[Round "9.8"]
[White "Abdelnabbi Imed (EGY)"]
[Black "Kravtsiv Martyn (UKR)"]
[Result "0-1"]
[BlackElo "2653"]
[WhiteElo "2428"]
[LiveChessVersion "1.4.8"]

1. e4 {[%clk 1:30:57]} e5 {[%clk 1:30:56]} 2. Nf3 {[%clk 1:31:16]} Nc6
{[%clk 1:31:17]} 3. Bb5 {[%clk 1:30:50]} a6 {[%clk 1:31:32]} 4. Ba4
{[%clk 1:31:12]} Nf6 {[%clk 1:31:54]} 5. O-O {[%clk 1:31:34]} Be7
{[%clk 1:32:11]} 6. Re1 {[%clk 1:31:56]} b5 {[%clk 1:32:27]} 7. Bb3
{[%clk 1:32:19]} d6 {[%clk 1:32:40]} 8. c3 {[%clk 1:32:43]} O-O {[%clk 1:33:02]}
9. d3 {[%clk 1:32:47]} Na5 {[%clk 1:31:41]} 10. Bc2 {[%clk 1:33:07]} c5
{[%clk 1:32:04]} 11. Nbd2 {[%clk 1:33:31]} Nc6 {[%clk 1:31:58]} 12. Nf1
{[%clk 1:33:57]} Re8 {[%clk 1:31:27]} 13. a4 {[%clk 1:32:35]} b4 {[%clk 1:29:11]}
14. Bg5 {[%clk 1:31:22]} h6 {[%clk 1:21:56]} 15. Bd2 {[%clk 1:27:49]} Rb8
{[%clk 1:20:37]} 16. h3 {[%clk 1:25:14]} Be6 {[%clk 1:18:09]} 17. Ng3
{[%clk 1:24:53]} Bf8 {[%clk 1:17:40]} 18. a5 {[%clk 1:23:32]} Qc7
{[%clk 1:12:47]} 19. Ba4 {[%clk 1:23:01]} Rec8 {[%clk 1:09:37]} 20. Bxc6
{[%clk 1:23:27]} Qxc6 {[%clk 1:10:03]} 21. c4 {[%clk 1:23:45]} g6
{[%clk 1:09:13]} 22. Qc1 {[%clk 1:22:25]} Kh7 {[%clk 1:09:18]} 23. Nf1
{[%clk 1:20:21]} Bg7 {[%clk 1:08:36]} 24. Ne3 {[%clk 1:20:44]} Rf8
{[%clk 1:08:08]} 25. Nh2 {[%clk 1:17:29]} Rbe8 {[%clk 1:06:59]} 26. Rf1
{[%clk 1:07:51]} Nh5 {[%clk 1:03:38]} 27. Nd5 {[%clk 1:05:06]} f5
{[%clk 1:02:17]} 28. Qd1 {[%clk 1:03:52]} Bxd5 {[%clk 0:53:31]} 29. cxd5
{[%clk 1:03:58]} Qb5 {[%clk 0:53:50]} 30. exf5 {[%clk 1:03:34]} Qxd3
{[%clk 0:54:04]} 31. fxg6+ {[%clk 1:01:45]} Qxg6 {[%clk 0:54:29]} 32. b3
{[%clk 0:56:15]} Nf4 {[%clk 0:46:41]} 33. Bxf4 {[%clk 0:49:06]} exf4
{[%clk 0:47:04]} 34. Ra2 {[%clk 0:43:02]} Bc3 {[%clk 0:47:08]} 35. Kh1
{[%clk 0:39:51]} Rg8 {[%clk 0:45:50]} 36. Qc2 {[%clk 0:31:23]} Qxc2
{[%clk 0:42:54]} 37. Rxc2 {[%clk 0:31:51]} Rg5 {[%clk 0:43:11]} 38. Rd1
{[%clk 0:32:04]} Rge5 {[%clk 0:43:13]} 39. Nf3 {[%clk 0:30:31]} Re2
{[%clk 0:39:55]} 40. Rdc1 {[%clk 0:56:45]} R8e4 {[%clk 1:08:52]} 41. Kg1
{[%clk 0:56:20]} Rxc2 {[%clk 1:09:06]} 42. Rxc2 {[%clk 0:56:49]} c4
{[%clk 1:09:13]} 43. bxc4 {[%clk 0:56:59]} Rxc4 {[%clk 1:09:37]} 44. Nd2
{[%clk 0:52:14]} Rd4 {[%clk 1:08:34]} 45. Nb3 {[%clk 0:52:33]} Rd1+
{[%clk 1:08:21]} 46. Kh2 {[%clk 0:53:02]} Rxd5 {[%clk 1:08:43]} 47. g4
{[%clk 0:52:37]} Rd3 {[%clk 1:02:02]} 48. Nc1 {[%clk 0:52:52]} Rd1
{[%clk 1:02:18]} 49. Kg2 {[%clk 0:47:53]} d5 {[%clk 1:01:17]} 50. Nb3
{[%clk 0:46:09]} Rb1 {[%clk 0:57:16]} 51. Nc5 {[%clk 0:45:11]} Ra1
{[%clk 0:56:41]} 52. Re2 {[%clk 0:43:35]} Rxa5 {[%clk 0:56:48]} 53. Re7+
{[%clk 0:43:52]} Kg8 {[%clk 0:56:42]} 54. Rc7 {[%clk 0:42:38]} Rb5
{[%clk 0:54:17]} 55. Na4 {[%clk 0:41:08]} d4 {[%clk 0:53:37]} 56. Kf3
{[%clk 0:40:52]} b3 {[%clk 0:53:32]} 0-1

[Event "World Team Chess Championship"]
[Site "Khanty-Mansiysk, RUS."]
[Date "2017.06.26"]
[Round "9.11"]
[White "Matlakov Maxim (RUS)"]
[Black "Robson Ray (USA)"]
[Result "1-0"]
[BlackElo "2656"]
[WhiteElo "2714"]
[LiveChessVersion "1.4.8"]

1. d4 {[%clk 1:30:48]} d5 {[%clk 1:30:42]} 2. c4 {[%clk 1:31:07]} c6
{[%clk 1:30:49]} 3. Nf3 {[%clk 1:31:30]} Nf6 {[%clk 1:30:57]} 4. Nc3
{[%clk 1:31:29]} e6 {[%clk 1:30:57]} 5. Bg5 {[%clk 1:31:38]} Nbd7
{[%clk 1:26:18]} 6. e3 {[%clk 1:30:57]} h6 {[%clk 1:26:11]} 7. Bh4
{[%clk 1:31:09]} g5 {[%clk 1:26:06]} 8. Bg3 {[%clk 1:31:34]} Nh5 {[%clk 1:26:17]}
9. Qc2 {[%clk 1:31:09]} Nxg3 {[%clk 1:23:10]} 10. hxg3 {[%clk 1:29:42]} Bg7
{[%clk 1:23:06]} 11. O-O-O {[%clk 1:29:26]} Qe7 {[%clk 1:21:45]} 12. Bd3
{[%clk 1:22:36]} Nb6 {[%clk 1:19:34]} 13. c5 {[%clk 1:21:25]} Nd7
{[%clk 1:19:42]} 14. e4 {[%clk 1:21:42]} g4 {[%clk 1:19:38]} 15. Nh4
{[%clk 1:21:48]} Bxd4 {[%clk 1:18:48]} 16. exd5 {[%clk 1:21:47]} Nxc5
{[%clk 1:18:00]} 17. Bf5 {[%clk 1:02:53]} Be5 {[%clk 1:05:15]} 18. dxe6
{[%clk 0:44:36]} Bxe6 {[%clk 1:00:22]} 19. Rhe1 {[%clk 0:43:45]} Bf6
{[%clk 0:16:41]} 20. Bxg4 {[%clk 0:22:15]} Bxh4 {[%clk 0:16:03]} 21. gxh4
{[%clk 0:21:04]} Rd8 {[%clk 0:11:27]} 22. Bxe6 {[%clk 0:14:03]} Nxe6
{[%clk 0:11:17]} 23. Ne4 {[%clk 0:14:10]} O-O {[%clk 0:08:05]} 24. Qc3
{[%clk 0:14:08]} Rxd1+ {[%clk 0:07:25]} 25. Rxd1 {[%clk 0:12:50]} Rd8
{[%clk 0:07:27]} 26. Qg3+ {[%clk 0:04:38]} Kf8 {[%clk 0:04:00]} 27. Rxd8+
{[%clk 0:04:23]} Qxd8 {[%clk 0:04:07]} 28. Qd6+ {[%clk 0:04:03]} Qxd6
{[%clk 0:03:44]} 29. Nxd6 {[%clk 0:04:32]} Nf4 {[%clk 0:03:30]} 30. g3
{[%clk 0:04:40]} Nd3+ {[%clk 0:03:47]} 31. Kd2 {[%clk 0:04:47]} Nxf2
{[%clk 0:01:27]} 32. Ke2 {[%clk 0:05:07]} Ke7 {[%clk 0:01:31]} 33. Nxb7
{[%clk 0:04:14]} Ne4 {[%clk 0:01:38]} 34. Kf3 {[%clk 0:04:27]} Nf6
{[%clk 0:00:52]} 35. b4 {[%clk 0:02:26]} Nd5 {[%clk 0:01:03]} 36. a3
{[%clk 0:02:50]} Nc3 {[%clk 0:00:39]} 37. Na5 {[%clk 0:02:40]} Kd6
{[%clk 0:00:35]} 38. Kg4 {[%clk 0:02:39]} Ne2 {[%clk 0:00:32]} 39. Nc4+
{[%clk 0:01:38]} Ke6 {[%clk 0:00:33]} 40. Ne3 {[%clk 0:31:17]} Ke5
{[%clk 0:30:33]} 41. Nf5 {[%clk 0:25:16]} h5+ {[%clk 0:25:35]} 42. Kg5
{[%clk 0:25:08]} f6+ {[%clk 0:18:34]} 43. Kg6 {[%clk 0:25:33]} a6
{[%clk 0:18:35]} 44. a4 {[%clk 0:22:18]} Nc3 {[%clk 0:13:27]} 45. Ne7
{[%clk 0:21:50]} Kd6 {[%clk 0:08:29]} 46. Nf5+ {[%clk 0:12:53]} Ke5
{[%clk 0:03:26]} 47. Ng7 {[%clk 0:13:07]} Ne4 {[%clk 0:00:39]} 48. Nxh5
{[%clk 0:12:42]} f5 {[%clk 0:01:00]} 49. a5 {[%clk 0:12:49]} c5 {[%clk 0:00:48]}
50. b5 {[%clk 0:11:01]} c4 {[%clk 0:00:34]} 51. bxa6 {[%clk 0:11:24]} c3
{[%clk 0:00:58]} 52. a7 {[%clk 0:11:48]} c2 {[%clk 0:01:21]} 53. Nf4
{[%clk 0:12:12]} 1-0

[Event "World Team Chess Championship"]
[Site "Khanty-Mansiysk, RUS."]
[Date "2017.06.26"]
[Round "9.12"]
[White "Xiong Jeffery (USA)"]
[Black "Fedoseev Vladimir (RUS)"]
[Result "0-1"]
[BlackElo "2690"]
[WhiteElo "2658"]
[LiveChessVersion "1.4.8"]

1. d4 {[%clk 1:30:51]} d5 {[%clk 1:30:43]} 2. c4 {[%clk 1:31:16]} e6
{[%clk 1:28:53]} 3. Nf3 {[%clk 1:31:38]} Nf6 {[%clk 1:29:11]} 4. g3
{[%clk 1:32:03]} Bb4+ {[%clk 1:29:17]} 5. Bd2 {[%clk 1:32:23]} Be7
{[%clk 1:29:43]} 6. Bg2 {[%clk 1:32:46]} O-O {[%clk 1:30:05]} 7. O-O
{[%clk 1:33:07]} c6 {[%clk 1:29:29]} 8. Qc2 {[%clk 1:33:30]} a5 {[%clk 1:24:53]}
9. Rd1 {[%clk 1:31:55]} b5 {[%clk 1:20:56]} 10. c5 {[%clk 1:28:17]} Nbd7
{[%clk 1:20:24]} 11. Bf4 {[%clk 1:22:38]} Nh5 {[%clk 1:16:40]} 12. Bc1
{[%clk 1:22:17]} f5 {[%clk 1:14:51]} 13. Ne5 {[%clk 1:20:03]} Nxe5
{[%clk 1:13:29]} 14. dxe5 {[%clk 1:20:30]} g5 {[%clk 1:11:23]} 15. Nd2
{[%clk 1:11:59]} Qc7 {[%clk 1:07:32]} 16. Nf3 {[%clk 1:12:19]} g4
{[%clk 1:07:33]} 17. Nd4 {[%clk 1:12:44]} Bd7 {[%clk 1:07:52]} 18. Bf4
{[%clk 0:45:04]} Nxf4 {[%clk 1:08:16]} 19. gxf4 {[%clk 0:45:31]} b4
{[%clk 1:08:08]} 20. a4 {[%clk 0:39:45]} bxa3 {[%clk 1:08:29]} 21. Rxa3
{[%clk 0:40:12]} Rfb8 {[%clk 1:08:10]} 22. h3 {[%clk 0:33:43]} Qa7
{[%clk 1:02:30]} 23. Rc3 {[%clk 0:19:30]} gxh3 {[%clk 1:02:20]} 24. Bxd5
{[%clk 0:14:19]} cxd5 {[%clk 0:52:43]} 25. c6 {[%clk 0:14:47]} Kh8
{[%clk 0:50:46]} 26. cxd7 {[%clk 0:14:46]} Rg8+ {[%clk 0:50:47]} 27. Kh1
{[%clk 0:12:31]} Qxd7 {[%clk 0:50:57]} 28. Rc7 {[%clk 0:11:52]} Qe8
{[%clk 0:51:03]} 29. Qc3 {[%clk 0:11:01]} Rg6 {[%clk 0:33:43]} 30. Rc1
{[%clk 0:11:16]} Bh4 {[%clk 0:26:12]} 31. Nf3 {[%clk 0:07:02]} Bd8
{[%clk 0:25:20]} 32. Rb7 {[%clk 0:06:44]} Qg8 {[%clk 0:22:31]} 33. Nd4
{[%clk 0:03:03]} Bh4 {[%clk 0:21:45]} 34. Qf3 {[%clk 0:01:49]} Rc8
{[%clk 0:20:42]} 35. Rc6 {[%clk 0:00:48]} Rg1+ {[%clk 0:13:01]} 36. Kh2
{[%clk 0:01:17]} Rg2+ {[%clk 0:12:22]} 37. Kh1 {[%clk 0:01:45]} Rxc6
{[%clk 0:09:16]} 38. Nxc6 {[%clk 0:02:14]} Qg4 {[%clk 0:08:56]} 39. Nd4
{[%clk 0:01:39]} Rxf2 {[%clk 0:03:06]} 40. Rb8+ {[%clk 0:30:47]} Kg7
{[%clk 0:33:30]} 41. Nxe6+ {[%clk 0:31:05]} Kh6 {[%clk 0:33:50]} 42. Qxg4
{[%clk 0:19:44]} fxg4 {[%clk 0:34:12]} 43. Rb6 {[%clk 0:15:45]} Bg3
{[%clk 0:33:49]} 0-1

[Event "World Team Chess Championship"]
[Site "Khanty-Mansiysk, RUS."]
[Date "2017.06.26"]
[Round "9.14"]
[White "Adhiban B. (IND)"]
[Black "Salomon Johan (NOR)"]
[Result "1-0"]
[BlackElo "2501"]
[WhiteElo "2670"]
[LiveChessVersion "1.4.8"]

1. Nf3 {[%clk 1:30:53]} d5 {[%clk 1:30:39]} 2. c4 {[%clk 1:31:12]} e6
{[%clk 1:31:01]} 3. e3 {[%clk 1:31:05]} Nf6 {[%clk 1:30:37]} 4. b3
{[%clk 1:31:31]} Be7 {[%clk 1:30:00]} 5. Bb2 {[%clk 1:31:56]} O-O
{[%clk 1:29:24]} 6. Nc3 {[%clk 1:32:19]} c5 {[%clk 1:26:00]} 7. cxd5
{[%clk 1:32:42]} exd5 {[%clk 1:24:13]} 8. d4 {[%clk 1:33:08]} Nc6
{[%clk 1:22:47]} 9. Be2 {[%clk 1:33:32]} cxd4 {[%clk 1:12:57]} 10. Nxd4
{[%clk 1:33:59]} Be6 {[%clk 1:12:31]} 11. O-O {[%clk 1:33:29]} Rc8
{[%clk 1:11:28]} 12. Rc1 {[%clk 1:30:15]} Qa5 {[%clk 1:07:18]} 13. Nxe6
{[%clk 1:15:35]} fxe6 {[%clk 1:07:07]} 14. Bg4 {[%clk 1:16:01]} Kf7
{[%clk 1:07:30]} 15. Bh3 {[%clk 1:16:18]} Rcd8 {[%clk 1:01:34]} 16. Ne2
{[%clk 1:10:49]} Rd6 {[%clk 0:53:02]} 17. Nf4 {[%clk 0:59:04]} g6
{[%clk 0:45:46]} 18. a4 {[%clk 0:49:37]} Qb6 {[%clk 0:39:58]} 19. b4
{[%clk 0:29:16]} Qxb4 {[%clk 0:32:50]} 20. Rb1 {[%clk 0:28:55]} Qc5
{[%clk 0:30:37]} 21. Bxf6 {[%clk 0:27:55]} Bxf6 {[%clk 0:26:28]} 22. Rb5
{[%clk 0:27:12]} Qc4 {[%clk 0:25:28]} 23. Rxb7+ {[%clk 0:27:03]} Ne7
{[%clk 0:25:52]} 24. Rxa7 {[%clk 0:26:48]} e5 {[%clk 0:25:36]} 25. Nd3
{[%clk 0:26:12]} e4 {[%clk 0:23:42]} 26. Nf4 {[%clk 0:26:26]} Rfd8
{[%clk 0:18:12]} 27. Qb1 {[%clk 0:25:43]} Qc5 {[%clk 0:13:37]} 28. Rb7
{[%clk 0:25:41]} Rc6 {[%clk 0:12:54]} 29. Bd7 {[%clk 0:25:18]} Rd6
{[%clk 0:12:40]} 30. Rc1 {[%clk 0:25:21]} Qa5 {[%clk 0:12:04]} 31. Bb5
{[%clk 0:21:33]} Kf8 {[%clk 0:09:50]} 32. g3 {[%clk 0:21:26]} Qd2
{[%clk 0:08:28]} 33. Rc2 {[%clk 0:20:55]} Qa5 {[%clk 0:08:56]} 34. Rcc7
{[%clk 0:19:00]} Qd2 {[%clk 0:09:14]} 35. h4 {[%clk 0:17:41]} Kf7
{[%clk 0:08:09]} 36. Kg2 {[%clk 0:14:19]} Rg8 {[%clk 0:07:05]} 37. Nxd5
{[%clk 0:13:43]} Rxd5 {[%clk 0:07:19]} 38. Rxe7+ {[%clk 0:13:38]} Bxe7
{[%clk 0:07:43]} 39. Qxe4 {[%clk 0:14:05]} 1-0

[Event "World Team Chess Championship"]
[Site "Khanty-Mansiysk, RUS."]
[Date "2017.06.26"]
[Round "9.15"]
[White "Elsness Frode (NOR)"]
[Black "Karthikeyan Murali (IND)"]
[Result "0-1"]
[BlackElo "2582"]
[WhiteElo "2466"]
[LiveChessVersion "1.4.8"]

1. d4 {[%clk 1:30:58]} d5 {[%clk 1:30:51]} 2. c4 {[%clk 1:31:25]} e6
{[%clk 1:31:10]} 3. Nf3 {[%clk 1:31:49]} Nf6 {[%clk 1:31:28]} 4. g3
{[%clk 1:32:16]} Be7 {[%clk 1:31:40]} 5. Bg2 {[%clk 1:32:42]} O-O
{[%clk 1:31:59]} 6. O-O {[%clk 1:33:08]} dxc4 {[%clk 1:32:03]} 7. Na3
{[%clk 1:32:59]} Bxa3 {[%clk 1:31:20]} 8. bxa3 {[%clk 1:33:24]} Nc6
{[%clk 1:26:43]} 9. Bb2 {[%clk 1:31:18]} Rb8 {[%clk 1:20:02]} 10. Qc2
{[%clk 1:26:54]} b5 {[%clk 1:13:03]} 11. a4 {[%clk 1:25:38]} Ba6 {[%clk 1:04:36]}
12. axb5 {[%clk 1:20:15]} Bxb5 {[%clk 1:04:47]} 13. Ba3 {[%clk 1:05:25]} Re8
{[%clk 1:03:57]} 14. Rfd1 {[%clk 1:01:25]} a5 {[%clk 0:59:25]} 15. Rab1
{[%clk 0:38:18]} Nd5 {[%clk 0:55:25]} 16. Rxb5 {[%clk 0:37:02]} Rxb5
{[%clk 0:55:42]} 17. Qxc4 {[%clk 0:37:30]} Rb6 {[%clk 0:55:25]} 18. Bc5
{[%clk 0:34:53]} Rb8 {[%clk 0:50:58]} 19. e4 {[%clk 0:32:43]} Nf6
{[%clk 0:45:05]} 20. d5 {[%clk 0:30:47]} exd5 {[%clk 0:40:08]} 21. exd5
{[%clk 0:31:13]} Qd7 {[%clk 0:33:27]} 22. Qa4 {[%clk 0:23:27]} Nxd5
{[%clk 0:27:29]} 23. Nd4 {[%clk 0:19:12]} Ne5 {[%clk 0:25:14]} 24. Qxa5
{[%clk 0:13:16]} Nc4 {[%clk 0:21:47]} 25. Qa6 {[%clk 0:13:21]} Nb2
{[%clk 0:21:22]} 26. Ra1 {[%clk 0:12:03]} Nb4 {[%clk 0:16:03]} 27. Qa5
{[%clk 0:07:27]} N2d3 {[%clk 0:13:16]} 28. Ba7 {[%clk 0:07:40]} Re5
{[%clk 0:12:09]} 29. Qa3 {[%clk 0:07:43]} Rbe8 {[%clk 0:12:24]} 30. Rf1
{[%clk 0:03:14]} Re1 {[%clk 0:09:51]} 31. Qc3 {[%clk 0:00:46]} Qa4
{[%clk 0:08:15]} 32. a3 {[%clk 0:01:07]} Qxa7 {[%clk 0:08:02]} 33. axb4
{[%clk 0:01:36]} Rxf1+ {[%clk 0:08:02]} 34. Bxf1 {[%clk 0:02:04]} Nxf2
{[%clk 0:08:04]} 35. Bb5 {[%clk 0:00:50]} Ne4 {[%clk 0:07:53]} 36. Qe3
{[%clk 0:00:37]} Rd8 {[%clk 0:08:13]} 37. Nf5 {[%clk 0:00:38]} Qxe3+
{[%clk 0:08:00]} 38. Nxe3 {[%clk 0:01:01]} Rd4 {[%clk 0:08:10]} 0-1